00744 2200265 4500001002100000005001500021020001800036035002400054040001200078082002000090084002400110090002400134100002700158245008600185250001100271260002900282300003400311504003000345650001800375700002500393850001200418990001600430990001600446990001600462YOGYA00000000009935820140823123825 a979-7564-80-0 0010-101300000000239 aYOPDYOG 2[22]a181.19822 aNUS 181.19822 Sur C aNUS 181.19822 Sur C aSURYANTO SASTROATMODJO aCitra diri orang JawacSuryanto Sastroatmodjo ; penyunting, Maulana Ahmad Jalidu. aCet.1. aYogyakartabNarasic2006 avii, 136 hlm.c19 cm (3 eks.) aBibliografi : hlm.132-136 aFilsafat Jawa aMaulana Ahmad Jalidu aYOPDYOG a0364/B.2013 a0365/B.2013 a0366/B.2013